| 000 | 00000nam##2200000za#4500 |
| 001 | 9.591250 |
| 003 | CaOODSP |
| 005 | 20210624200533 |
| 007 | cr ||||||||||| |
| 008 | 150406|2003||||xxc|||||o f|0| 0 fre|d |
| 020 | |a0-662-88756-5 |
| 040 | |aCaOODSP|bfre |
| 043 | |an-cn--- |
| 086 | 1 |aRH63-2/149-10-99F-IN |
| 110 | 1 |aCanada.|bDéveloppement des ressources humaines Canada. |bDirection générale de la recherche appliquée. |
| 245 | 10|aL'égalité entre les sexes sur le marché du travail : |h[ressource électronique]|bétude bilan - rapport final |
| 260 | |aOttawa - Ontario : |bDéveloppement des ressources humaines Canada. |c2003. |
| 300 | |a57p. |
| 490 | 1 |aÉvaluation et développement|vSP-AH149-10-99F |
| 500 | |aOctobre 2002. |
| 504 | |aBibliographie. |
| 590 | |a06-10-Supp|b2006-12-15 |
| 691 | 07|aÉgalité des sexes|2gcpds |
| 691 | 07|aÉquité en matière d'emploi|2gcpds |
| 691 | 07|aMarché du travail|2gcpds |
| 691 | 07|aPolitique|2gcpds |
| 691 | 07|aProgramme d'emploi|2gcpds |
| 775 | 08|tGender equality in the labour market : |w(CaOODSP)9.558404 |
| 830 | #0|aÉvaluation et développement ;|vSP-AH149-10-99F|w(CaOODSP)9.501105 |
| 856 | 40|ahttp://publications.gc.ca|qPDF|s350 Ko|uhttps://publications.gc.ca/collections/Collection/RH63-2-149-10-99F.pdf |ySP-AH149-10-99F |